|
|
|
|
| LEADER |
03427nam a2200565 4500 |
| 001 |
978-3-319-60408-4 |
| 003 |
DE-He213 |
| 005 |
20191027081040.0 |
| 007 |
cr nn 008mamaa |
| 008 |
171010s2018 gw | s |||| 0|eng d |
| 020 |
|
|
|a 9783319604084
|9 978-3-319-60408-4
|
| 024 |
7 |
|
|a 10.1007/978-3-319-60408-4
|2 doi
|
| 040 |
|
|
|d GrThAP
|
| 050 |
|
4 |
|a QD450-882
|
| 072 |
|
7 |
|a PNR
|2 bicssc
|
| 072 |
|
7 |
|a SCI013050
|2 bisacsh
|
| 072 |
|
7 |
|a PNR
|2 thema
|
| 082 |
0 |
4 |
|a 541
|2 23
|
| 245 |
1 |
0 |
|a Emerging Trends in Chemical Sciences
|h [electronic resource] /
|c edited by Ponnadurai Ramasami, Minu Gupta Bhowon, Sabina Jhaumeer Laulloo, Henri Li Kam Wah.
|
| 250 |
|
|
|a 1st ed. 2018.
|
| 264 |
|
1 |
|a Cham :
|b Springer International Publishing :
|b Imprint: Springer,
|c 2018.
|
| 300 |
|
|
|a IX, 420 p.
|b online resource.
|
| 336 |
|
|
|a text
|b txt
|2 rdacontent
|
| 337 |
|
|
|a computer
|b c
|2 rdamedia
|
| 338 |
|
|
|a online resource
|b cr
|2 rdacarrier
|
| 347 |
|
|
|a text file
|b PDF
|2 rda
|
| 505 |
0 |
|
|a Chemistry of Natural Products -- Bioinformatics -- Material Science and Nanotechnology -- Computational Chemistry and its Applications -- Chemistry and Physics of Elemental 2D Materials -- Organic Chemistry -- Pharmaceutical Chemistry -- Green Chemistry -- Chemical Biology -- Analytical Chemistry -- Inorganic Chemistry -- Chemical Education -- Environmental Chemistry -- Polymer Chemistry -- Agricultural Chemistry -- Biophysical Chemistry -- Industrial Chemistry -- Medicinal Chemistry -- Physical Chemistry.
|
| 520 |
|
|
|a Thirty carefully selected, peer-reviewed contributions from the International Conference on Pure and Applied Chemistry (ICPAC 2016) are featured in this edited book of proceedings. ICPAC 2016, a biennial meeting, was held in Mauritius in July 2016. The chapters in this book reflect a wide range of fundamental and applied research in the chemical sciences and interdisciplinary subjects. This is a unique collection of full research papers as well as reviews.
|
| 650 |
|
0 |
|a Physical chemistry.
|
| 650 |
|
0 |
|a Nanotechnology.
|
| 650 |
|
0 |
|a Biochemistry.
|
| 650 |
|
0 |
|a Environmental chemistry.
|
| 650 |
|
0 |
|a Green chemistry.
|
| 650 |
1 |
4 |
|a Physical Chemistry.
|0 http://scigraph.springernature.com/things/product-market-codes/C21001
|
| 650 |
2 |
4 |
|a Nanotechnology.
|0 http://scigraph.springernature.com/things/product-market-codes/Z14000
|
| 650 |
2 |
4 |
|a Biochemistry, general.
|0 http://scigraph.springernature.com/things/product-market-codes/L14005
|
| 650 |
2 |
4 |
|a Environmental Chemistry.
|0 http://scigraph.springernature.com/things/product-market-codes/U15000
|
| 650 |
2 |
4 |
|a Green Chemistry.
|0 http://scigraph.springernature.com/things/product-market-codes/C35000
|
| 700 |
1 |
|
|a Ramasami, Ponnadurai.
|e editor.
|4 edt
|4 http://id.loc.gov/vocabulary/relators/edt
|
| 700 |
1 |
|
|a Gupta Bhowon, Minu.
|e editor.
|4 edt
|4 http://id.loc.gov/vocabulary/relators/edt
|
| 700 |
1 |
|
|a Jhaumeer Laulloo, Sabina.
|e editor.
|4 edt
|4 http://id.loc.gov/vocabulary/relators/edt
|
| 700 |
1 |
|
|a Li Kam Wah, Henri.
|e editor.
|4 edt
|4 http://id.loc.gov/vocabulary/relators/edt
|
| 710 |
2 |
|
|a SpringerLink (Online service)
|
| 773 |
0 |
|
|t Springer eBooks
|
| 776 |
0 |
8 |
|i Printed edition:
|z 9783319604077
|
| 776 |
0 |
8 |
|i Printed edition:
|z 9783319604091
|
| 776 |
0 |
8 |
|i Printed edition:
|z 9783319868578
|
| 856 |
4 |
0 |
|u https://doi.org/10.1007/978-3-319-60408-4
|z Full Text via HEAL-Link
|
| 912 |
|
|
|a ZDB-2-CMS
|
| 950 |
|
|
|a Chemistry and Materials Science (Springer-11644)
|